Economía matemática (Registro nro. 5343)

Detalles MARC
000 -LEADER
fixed length control field 01645 a2200241 4500
001 - CONTROL NUMBER
control field 54075
005 - DATE AND TIME OF LATEST TRANSACTION
control field 20260407155811.0
008 - FIXED-LENGTH DATA ELEMENTS--GENERAL INFORMATION
fixed length control field 260407a1965 arg spa d
003 - CONTROL NUMBER IDENTIFIER
control field AR-UNSa-BCEJYS
040 ## - CATALOGING SOURCE
Original cataloging agency AR-UNSa-BCEJYS
Language of cataloging spa
Transcribing agency AR-UNSa-BCEJYS
080 ## - UNIVERSAL DECIMAL CLASSIFICATION NUMBER
Universal Decimal Classification number 330.4
Common auxiliary subdivision Economía matemática
041 ## - LANGUAGE CODE
Language code of text/sound track or separate title spa
100 1# - MAIN ENTRY--PERSONAL NAME
Personal name Allen, R.G.D.
245 10 - TITLE STATEMENT
Title Economía matemática
264 #1 - PRODUCTION, PUBLICATION, DISTRIBUTION, MANUFACTURE, AND COPYRIGHT NOTICE
Place of production, publication, distribution, manufacture Madrid :
Name of producer, publisher, distributor, manufacturer Aguilar
Date of production, publication, distribution, manufacture, or copyright notice 1965
300 ## - PHYSICAL DESCRIPTION
Extent xx, 931 p.
Dimensions 22 cm.
505 ## - FORMATTED CONTENTS NOTE
Formatted contents note 1. El modelo de la telaraña y otros modelos dinámicos simples – 2. Keynes y los clásicos: el multiplicador – 3. El principio de aceleración – 4. Análisis matemático: números complejos – 5. Análisis matemático: ecuaciones diferenciales lineales – 6. Análisis matemático: ecuaciones diferenciales lineales en diferencias finitas – 7. Teoría de los ciclos económicos: Samuelson-Hicks – 8. Teoría del ciclo económico: Godwin, Kalecki y Phillips – 9. Regulación económica: sistemas de control de circuito cerrado – 10. El equilibrio económico general – 11. Relaciones interindustriales – 12. Análisis matemático: vectores y matrices – 13. Análisis matemático: Algebra de matrices – 14. Aplicaciones del algebra de vectores y de matrices – 15. Teoría elemental de los juegos – 16. Programación lineal – 17. Programación de actividades: distribución de los recursos – 18. Teoría de la empresa – 19. La teoría del valor – 20. El problema de la agregación.
590 ## - LOCAL NOTE (RLIN)
Local note niveau_biblio:m niveau_hierar:0
700 1# - ADDED ENTRY--PERSONAL NAME
Personal name Aguilar Gonzalez, Carlos
700 1# - ADDED ENTRY--PERSONAL NAME
Personal name Correa, Héctor
700 1# - ADDED ENTRY--PERSONAL NAME
Personal name Calleja, Anselmo
942 ## - ADDED ENTRY ELEMENTS (KOHA)
Koha item type
Existencias
Withdrawn status Lost status Damaged status Not for loan Home library Current library Shelving location Date acquired Total checkouts Full call number Barcode Date last seen Price effective from Koha item type
        Biblioteca Prof. Eusebio Cleto del Rey Biblioteca Prof. Eusebio Cleto del Rey   07/04/2026   330.4 A425 L21243 07/04/2026 07/04/2026 Libro